| 000 | 01137nam a2200325 i 4500 | ||
|---|---|---|---|
| 001 | 49303 | ||
| 003 | Mx-PuUPA | ||
| 005 | 20240410104034.0 | ||
| 008 | 140415s1978 mx r 000 0 spa d | ||
| 020 | _a9684762097 | ||
| 040 |
_aMX-PuUPA _bspa _erda _cMx-PuUPA _dMx-PuUPA |
||
| 041 | 1 |
_aspa _heng |
|
| 100 | 1 |
_aArtous, Antoine, _eautor _95718 |
|
| 240 | 1 | 4 |
_aLes origines de lopression des femmes. _lEspañol |
| 245 | 1 | 0 |
_aLos orígenes de la opresión de la mujer / _cAntoine Artous ; traducción, Helga Pawlowsky. |
| 250 | _aPrimera edición | ||
| 264 | 1 |
_aMéxico, D.F. : _bEditorial Fontamara, _c1978 |
|
| 300 |
_a157 páginas ; _c21 cm. |
||
| 336 |
_atexto _2rdacontent _btxt |
||
| 337 |
_asin medio _2rdamedia _bn |
||
| 338 |
_avolumen _2rdacarrier _bnc |
||
| 490 | 0 |
_aColección Fontamara ; _v147 |
|
| 650 | 7 |
_aMujeres _xCuestiones sociales y morales _2armarc |
|
| 650 | 7 |
_aMujeres _xHistoria _2armarc |
|
| 700 | 1 |
_aPawlowsky, Helga, _etraductor |
|
| 765 | 0 |
_aArtous, Antoine, _tLes origines de lopression des femmes. |
|
| 942 |
_2ddc _cLI _h305.42 _iA784 |
||
| 999 |
_c49303 _d49303 |
||